000 00244nam a22000857a 4500
008 160629b xxu||||| |||| 00| 0 eng d
100 _91324
_a Bhargava, G.S
245 _aThe Press in India An Overview
260 _aNew Delhi
_bNational Book Trust
_c2005
999 _c1086
_d1086